| 000 | 02290 a2200241 4500 | ||
|---|---|---|---|
| 001 | 2162214035926770 | ||
| 003 | UA-OsUOA | ||
| 005 | 20260506093740.0 | ||
| 008 | 260505b un ||||| |||| 00| f ukr d | ||
| 040 |
_aUA-OsUOA _bukr _cUA-OsUOA _dUA-OsUOA |
||
| 041 | _aukr | ||
| 080 | _a39(477) | ||
| 090 |
_a39(477) _bГ82 |
||
| 100 |
_aГринченко Б. Д. _925175 |
||
| 245 |
_aИзъ устъ народа _bмалорусскіе разсказы, сказки и пр. |
||
| 260 |
_aЧерниговъ _c1900 _bб/в |
||
| 300 | _a488 с. | ||
| 520 | _a«Изъ устъ народа» (Чернігів, 1900) — це окремий наклад або додатковий випуск матеріалів визначного фольклориста Бориса Грінченка, виданий у друкарні губернського земства. Збірник містить автентичні записи народної прози — казки, легенди, перекази та побтові оповідки, зібрані переважно на теренах Чернігівщини. Грінченко вперше в українській науці застосував метод точної фіксації говірок, записуючи тексти саме так, як їх вимовляли селяни, без «літературного причісування». Книга розкриває народні уявлення про створення світу, міфічних істот, історичних постатей та щоденне життя українського селянства кінця XIX століття. Видання 1900 року є частиною великої етнографічної серії, яка стала фундаментом для подальшого розвитку української діалектології та фольклористики. | ||
| 650 |
_a39 Культурна антропологія. Етнографія. Звичаї. Традиції. Спосіб життя. Фольклор _915 |
||
| 942 |
_cRB _2udc |
||
| 955 | _a3 | ||
| 999 |
_c580643 _d580643 |
||